000 00338nam a2200145Ia 4500
005 20251221002647.0
008 251220s9999||||xx |||||||||||||| ||spa||
020 _a9507714618
082 _aREF.463/C68/T.VII
100 _aButto, Nora
245 0 _a Enciclopedia Temática Ilustrada
250 _a1ra.ed.
264 _bClasa
942 _cLIB
999 _c443
_d443